Ground and Soil Improvement (Record no. 1134)

000 -LEADER
fixed length control field 00282 a2200097 4500
020 ## - INTERNATIONAL STANDARD BOOK NUMBER
International Standard Book Number 072773170X
082 ## - DEWEY DECIMAL CLASSIFICATION NUMBER
Classification number 624.15136 RAI
245 ## - TITLE STATEMENT
Title Ground and Soil Improvement
Statement of responsibility, etc. Edited by C. A. Raison
260 ## - PUBLICATION, DISTRIBUTION, ETC.
Place of publication, distribution, etc. London :
Name of publisher, distributor, etc. Thomas Telford Publishing,
Date of publication, distribution, etc. 2004
300 ## - PHYSICAL DESCRIPTION
Extent 193p. :
Other physical details ill. ;
Dimensions 29 cm
650 ## - SUBJECT ADDED ENTRY--TOPICAL TERM
Topical term or geographic name entry element Soil Improvement
Holdings
Withdrawn status Lost status Damaged status Not for loan Permanent Location Current Location Shelving location Date acquired Total Checkouts Full call number Barcode Date last seen Date last checked out Price effective from Koha item type
        School of Civil and Environmental Engineering (SCEE) School of Civil and Environmental Engineering (SCEE)     1 624.15136 RAI NIT-920 10/19/2020 02/03/2020 01/05/2017 Book
© 2023 Central Library, National University of Sciences and Technology. All Rights Reserved.